| 000 | 01237nam a22002537a 4500 | ||
|---|---|---|---|
| 003 | OSt | ||
| 005 | 20210204151937.0 | ||
| 008 | 210204s2008 ck ||||gr|||| 00| 0 spa d | ||
| 020 | _a9789589825341 | ||
| 040 |
_aCO-JMCR _cCO-JMCR |
||
| 041 | 1 | _aspa | |
| 082 | 0 | 4 |
_a346.023 / _bS684c _223 |
| 100 | 1 |
_aSolarte Maya, Felipe Alirio, _eautor _913049 |
|
| 245 | 1 | 0 |
_aContratos estatales atípicos : _btransparencia contractual Ley 1150 del 2007 contratos de salud Ley 1122 del 2007 / _cFelipe Alirio Solarte Maya |
| 250 | _aPrimer edición | ||
| 260 |
_aBogotá : _bEdiciones Nueva jurídica, _c2008 |
||
| 300 |
_a506 páginas ; _c24 cm. |
||
| 504 | _aBibliografía: páginas [505-506]. | ||
| 505 | 0 | _aLos contratos estatales atípicos -- Contratos atípicos -- Los tipos de contrato -- los contratos estatales -- El proceso de formación de los contratos estatales -- Contratos estatales atípicos -- Servicios de salud púbica -- Administración del régimen subsidiado para la salud -- Control de la contratación estatal | |
| 650 | 2 | 4 |
_aLey 1150 de 2007 _xComentarios _zColombia _913050 |
| 650 | 2 | 4 |
_aLey 1122 de 2007 _xComentarios _zColombia _913051 |
| 650 | 2 | 4 |
_aContratos públicos _xLegislación _zColombia _913052 |
| 942 |
_2ddc _cBK |
||
| 999 |
_c7109 _d7109 |
||